000 00646nab a2200181 4500
001 244442
003 OSt
005 20241212094502.0
007 tu
008 200917s2020|||||||
040 _aDE-2950
_cDE-2950
245 0 0 _aVorläufiger Hebesatz für Hausbesitzer beschlossen
_bFinanzen. Die Stadtverordneten haben die Hebesätze für die Grundsteuer ab 1. Januar 2025 verabschiedet, Doch allzu lange werden diese wohl nicht Bestand haben/
_cThomas Gutke
264 _c2024
653 _aFrankfurt (Oder)
653 _aHebesatz
773 0 _g35. Jahrgang (2024) Nr. 287 vom 09.12.2024, S. 13 mit Foto
_tMärkische Oderzeitung
942 _2z
_cA
999 _c373501
_d373501